| 000 | 02525cad a22002175a 4500 | ||
|---|---|---|---|
| 001 | L153862 | ||
| 008 | 110914s2011 xxk f 000 0 eng d | ||
| 035 | _a(Sirsi) u153862 | ||
| 041 | 0 | _aeng | |
| 110 | 2 |
_aSCI-Network _95976 |
|
| 245 | 0 | 0 |
_aFinancing and contracting sustainable construction _binnovative approaches _bpreliminary report on funding and finance sources, use of energy performance contracting, public-private partnerships and concessions _h[electronic resource] |
| 260 |
_aLondon _bSCI-Network _c2011 |
||
| 520 | _aSCI-Network is a network of European cities and other public authorities working together to find new, innovative and sustainable solutions for their public construction projects. In order to procure sustainable and innovative construction solutions, public authorities must have access to suitable financial and contractual instruments. The pressure on public finances means that many authorities are examining ways of funding construction projects which draw upon either the private sector or specific European programmes. Approaches such as energy-performance contracting, public-private partnerships and concessions for construction works/services have become mainstream in some Member States, while in others they are less common. The procurement procedures applied to source private sector partners also vary widely. This report examines a number of innovative approaches to the financing and contracting of public sector construction projects. The areas of focus have been chosen based on the interests expressed by participants in the Working Group, representing a range of local and regional authorities from different parts of Europe. The specific topics covered in this report are European funding and financing instruments for sustainable retrofitting of public buildings - what is available, scope of application and eligibility, impact on procurement process and distribution of funds; and energy performance contracting, public-private partnerships and works/services concessions - which models are in use for sustainable/innovative construction, problems encountered, best practice. | ||
| 590 | _aKA NTK | ||
| 650 | 2 | 4 | _aPUBLIC PRIVATE PARTNERSHIPS |
| 650 | 2 | 4 | _aPRIVATE FINANCE INITIATIVE |
| 651 | 4 | _aEurope | |
| 690 |
_aProcurement _96260 |
||
| 856 | 4 | 0 |
_uhttps://www.sci-network.eu/fileadmin/templates/sci-network/files/Resource_Centre/Reports/Financing_and_Contracting_Preliminary_Report.pdf _zView the report free of charge (PDF file) at www.sci-network.eu |
| 942 | _n0 | ||
| 999 |
_c112733 _d112733 |
||